| 000 | 00630nam a22002297a 4500 | ||
|---|---|---|---|
| 005 | 20170124110120.0 | ||
| 010 | _a965433 | ||
| 020 | _c00.00 | ||
| 035 | _a965433 | ||
| 037 | _bCen Lib/Ret | ||
| 040 |
_aDPL _bEN |
||
| 082 |
_a914.6 _bFED |
||
| 100 |
_aFedden, Robin _930480 |
||
| 245 |
_aThe enchanted mountains : _cby Robin Fedden _ba quest in the pyrenees / |
||
| 260 |
_aLondon _bJohn Murray _c1962 |
||
| 270 |
_aLondon _bLondon |
||
| 300 |
_a124p. : _c20cm(Hb) _bill. |
||
| 500 | _aIncludes index | ||
| 650 |
_aPyrenees _930481 |
||
| 650 |
_aMountaineering _924804 |
||
| 942 |
_2ddc _cEN _h914.6 _mFED |
||
| 999 |
_c130950 _d130950 |
||